[Event "IECC M1-2012.T073"]
[Site "IECC email"]
[Date "2012.11.09"]
[Round "?"]
[White "Lunt, Alyn"]
[Black "Smeulders, Thomas"]
[Result "1-0"]
[WhiteElo "1026"]
[BlackElo "800"]
[PlyCount "63"]
[EventDate "2012.??.??"]
[EventType "match (corr)"]
[EventRounds "2"]
[SourceTitle "Telechess CBM 165"]
[Source "ChessBase"]
[SourceDate "2015.03.11"]
[SourceVersion "1"]
[SourceVersionDate "2015.03.11"]
[SourceQuality "1"]
[WhiteTeam "Canada"]
[BlackTeam "Belgium"]
[WhiteTeamCountry "CAN"]
[BlackTeamCountry "BEL"]

1. e4 e5 2. Bc4 c6 3. Qf3 f6 4. Qh5+ g6 5. Qf3 b5 6. Bb3 Bc5 7. a3 Na6 8. Nc3 Qe7 9. Nge2 b4 10. axb4 Nxb4 11. Na4 Nxc2+ 12. Bxc2 Qd6 13. b3 Bb4 14. 0-0 Ba6 15. d3 g5 16. Qh5+ Ke7 17. Ng3 Ke6 18. Ba3 Qd4 19. Qg4+ Kd6 20. Nf5+ Kc7 21. Nxd4 exd4 22. Bxb4 Nh6 23. Qg3+ Kd8 24. Qd6 Rc8 25. Bd1 g4 26. Qe7+ Kc7 27. Ba5+ Kb8 28. Qxd7 Bxd3 29. Re1 a6 30. Bb6 Bb5 31. Nc5 d3 32. Qb7# 1-0

[Event "IECC CL8-2009.05 email"]
[Site "IECC email"]
[Date "2009.09.07"]
[Round "?"]
[White "Davidson, Allan D"]
[Black "Smeulders, Thomas"]
[Result "1-0"]
[WhiteElo "894"]
[BlackElo "811"]
[PlyCount "53"]
[EventDate "2009.??.??"]
[EventType "tourn (corr)"]
[EventRounds "4"]
[SourceTitle "Telechess CBM 137"]
[Source "ChessBase"]
[SourceDate "2010.07.15"]
[SourceVersion "1"]
[SourceVersionDate "2010.07.15"]
[SourceQuality "1"]
[WhiteTeam "US of America"]
[BlackTeam "Belgium"]
[WhiteTeamCountry "USA"]
[BlackTeamCountry "BEL"]

1. d4 d5 2. Nc3 c6 3. e4 Nf6 4. e5 b5 5. exf6 exf6 6. a3 h5 7. Qe2+ Be7 8. Nf3 0-0 9. Qd3 g6 10. b4 Qd6 11. Be2 Bf5 12. Qd2 Re8 13. 0-0 g5 14. Bd3 Bg6 15. Bxg6 fxg6 16. Qd3 Kf7 17. Re1 Nd7 18. Na2 g4 19. Nh4 Rg8 20. g3 a6 21. Bf4 Qe6 22. Rxe6 Kxe6 23. Re1+ Kf7 24. Qe3 Rae8 25. Qe6+ Kf8 26. Bh6+ Rg7 27. Nxg6# 1-0

[Event "IECC CL8-2009.05 email"]
[Site "IECC email"]
[Date "2009.09.07"]
[Round "?"]
[White "Smeulders, Thomas"]
[Black "Komine, Koki"]
[Result "0-1"]
[WhiteElo "832"]
[BlackElo "1077"]
[PlyCount "48"]
[EventDate "2009.??.??"]
[EventType "tourn (corr)"]
[EventRounds "4"]
[SourceTitle "Telechess CBM 137"]
[Source "ChessBase"]
[SourceDate "2010.07.15"]
[SourceVersion "1"]
[SourceVersionDate "2010.07.15"]
[SourceQuality "1"]
[WhiteTeam "Belgium"]
[BlackTeam "Japan"]
[WhiteTeamCountry "BEL"]
[BlackTeamCountry "JPN"]

1. e4 c5 2. e5 d5 3. Nf3 Nc6 4. c3 Bg4 5. Be2 e6 6. d4 b6 7. h3 Bxf3 8. Bxf3 f6 9. Bf4 Qc7 10. Qe2 cxd4 11. g3 fxe5 12. Bd2 Bd6 13. Bg4 Ke7 14. Bg5+ Nf6 15. Nd2 h6 16. Bxf6+ gxf6 17. 0-0-0 Nb4 18. Kb1 dxc3 19. bxc3 Qxc3 20. Rc1 Qa3 21. Nb3 f5 22. Bf3 e4 23. Bh5 Be5 24. Qb5 Qxa2# 0-1

[Event "IECC O-2478"]
[Site "IECC email"]
[Date "2006.11.08"]
[Round "?"]
[White "Smeulders, Thomas"]
[Black "Hunt, Warren"]
[Result "1-0"]
[WhiteElo "793"]
[BlackElo "1000"]
[PlyCount "23"]
[EventDate "2006.??.??"]
[EventType "swiss (corr)"]
[EventRounds "2"]
[SourceTitle "Corr 2020"]
[Source "ChessBase"]
[SourceDate "2019.09.30"]
[SourceVersion "1"]
[SourceVersionDate "2019.09.30"]
[SourceQuality "1"]
[WhiteTeam "Belgium"]
[BlackTeam "Australia"]
[WhiteTeamCountry "BEL"]
[BlackTeamCountry "AUS"]

1. Nf3 d5 2. d4 Nf6 3. e3 c5 4. dxc5 Nc6 5. Nc3 e5 6. Qe2 Bf5 7. Qb5 Nd7 8. Qxb7 Rb8 9. Qxc6 d4 10. exd4 Bxc5 11. dxc5 Rc8 12. Qd5 1-0

[Event "IECC O-2452"]
[Site "IECC email"]
[Date "2006.09.20"]
[Round "?"]
[White "Bourne, Simon"]
[Black "Smeulders, Thomas"]
[Result "1-0"]
[WhiteElo "1000"]
[BlackElo "818"]
[PlyCount "63"]
[EventDate "2006.??.??"]
[EventType "swiss (corr)"]
[EventRounds "2"]
[SourceTitle "Corr 2020"]
[Source "ChessBase"]
[SourceDate "2019.09.30"]
[SourceVersion "1"]
[SourceVersionDate "2019.09.30"]
[SourceQuality "1"]
[WhiteTeam "England"]
[BlackTeam "Belgium"]
[WhiteTeamCountry "ENG"]
[BlackTeamCountry "BEL"]

1. e4 d5 2. Bd3 e5 3. Qf3 Be6 4. Qg3 Nc6 5. exd5 Bxd5 6. Bb5 Bd6 7. Nc3 Nf6 8. Nxd5 Nxd5 9. Qxg7 Qf6 10. Qxf6 Nxf6 11. Nf3 Rg8 12. 0-0 Rg7 13. Nxe5 Bxe5 14. Bxc6+ bxc6 15. Re1 Ng4 16. h3 Nf6 17. Rxe5+ Kd7 18. b3 Rag8 19. g3 Nd5 20. Rf5 Nc3 21. dxc3 Ke6 22. Ra5 Ra8 23. Bf4 f5 24. Re1+ Kd7 25. Rxf5 a5 26. a4 Kc8 27. Re8+ Kb7 28. Rxa8 Kxa8 29. Rxa5+ Kb7 30. Be3 Rg8 31. b4 Rg5 32. Rxg5 1-0

[Event "IECC CL8-2006.02 email"]
[Site "IECC email"]
[Date "2006.02.16"]
[Round "?"]
[White "Ballueder, Volker"]
[Black "Smeulders, Thomas"]
[Result "1-0"]
[WhiteElo "999"]
[BlackElo "780"]
[PlyCount "73"]
[EventDate "2006.??.??"]
[EventType "tourn (corr)"]
[EventRounds "4"]
[SourceTitle "Corr 2020"]
[Source "ChessBase"]
[SourceDate "2019.09.30"]
[SourceVersion "1"]
[SourceVersionDate "2019.09.30"]
[SourceQuality "1"]
[WhiteTeam "England"]
[BlackTeam "Belgium"]
[WhiteTeamCountry "ENG"]
[BlackTeamCountry "BEL"]

1. c4 e5 2. Nc3 c6 3. Nf3 Bd6 4. e4 a6 5. g3 h6 6. Bg2 b5 7. d3 Qb6 8. 0-0 Nf6 9. Be3 Qa5 10. c5 Bc7 11. a3 b4 12. Na4 d5 13. Nh4 d4 14. Bd2 Qb5 15. Bxb4 Bg4 16. Qc2 Nbd7 17. f3 g5 18. Nf5 Bxf5 19. exf5 Nd5 20. Bd2 Rb8 21. b4 f6 22. f4 0-0 23. Bxd5+ cxd5 24. c6 Nb6 25. Nxb6 Rxb6 26. a4 Qxc6 27. Qxc6 Rxc6 28. b5 Rc2 29. Rfc1 Rc8 30. Rxc2 gxf4 31. gxf4 exf4 32. Bxf4 Bxf4 33. Rxc8+ Kf7 34. bxa6 Ke7 35. a7 Kd6 36. a8Q Ke5 37. Re8+ 1-0

[Event "IECC CL8-2005.03 email"]
[Site "IECC email"]
[Date "2005.03.13"]
[Round "?"]
[White "Smeulders, Thomas"]
[Black "Vandervorst, Geert"]
[Result "1-0"]
[WhiteElo "815"]
[BlackElo "1000"]
[PlyCount "67"]
[EventDate "2005.??.??"]
[EventType "tourn (corr)"]
[EventRounds "4"]
[SourceTitle "Corr 2020"]
[Source "ChessBase"]
[SourceDate "2019.09.30"]
[SourceVersion "1"]
[SourceVersionDate "2019.09.30"]
[SourceQuality "1"]
[WhiteTeam "Belgium"]
[BlackTeam "Belgium"]
[WhiteTeamCountry "BEL"]
[BlackTeamCountry "BEL"]

1. Nc3 e6 2. e4 Nf6 3. Nf3 d6 4. g4 Nxg4 5. h3 Ne5 6. d4 Qf6 7. dxe5 dxe5 8. Bg5 Qg6 9. Qd3 f6 10. Nh4 Qxg5 11. Nf3 Qg6 12. Be2 Nc6 13. Nb5 Kf7 14. 0-0-0 Nd4 15. Nxc7 Rb8 16. Nxd4 exd4 17. Qxd4 Be7 18. Bc4 Bd8 19. Nb5 Ra8 20. Nxa7 Bc7 21. Nb5 Be5 22. Nd6+ Bxd6 23. Qxd6 h5 24. Qc7+ Kg8 25. f3 Kh7 26. Bd3 Rf8 27. e5 Rf7 28. Bxg6+ Kxg6 29. Rhg1+ Kf5 30. Qxf7 Rxa2 31. b3 Ra1+ 32. Kb2 Ra7 33. Rde1 g6 34. Qxf6# 1-0

[Event "IECC CL8-2005.03 email"]
[Site "IECC email"]
[Date "2005.03.13"]
[Round "?"]
[White "Smeulders, Thomas"]
[Black "West, Nick"]
[Result "1-0"]
[WhiteElo "791"]
[BlackElo "1000"]
[PlyCount "43"]
[EventDate "2005.??.??"]
[EventType "tourn (corr)"]
[EventRounds "4"]
[SourceTitle "Corr 2020"]
[Source "ChessBase"]
[SourceDate "2019.09.30"]
[SourceVersion "1"]
[SourceVersionDate "2019.09.30"]
[SourceQuality "1"]
[WhiteTeam "Belgium"]
[BlackTeam "United States"]
[WhiteTeamCountry "BEL"]
[BlackTeamCountry "USA"]

1. Nc3 e5 2. Nf3 d6 3. e4 Nc6 4. Bc4 Be6 5. Nd5 Nf6 6. Ng5 Na5 7. b3 Bg4 8. f3 Bh5 9. g4 Bg6 10. b4 Nxc4 11. d3 Nb6 12. c4 c6 13. Nc3 Be7 14. Be3 0-0 15. c5 Nbd7 16. d4 exd4 17. Qxd4 h6 18. cxd6 Bxd6 19. Qxd6 Re8 20. b5 Qe7 21. Rd1 hxg5 22. Bxg5 1-0

[Event "IECC CL8-2004.13 email"]
[Site "IECC email"]
[Date "2004.12.15"]
[Round "?"]
[White "Smeulders, Thomas"]
[Black "Ballueder, Volker"]
[Result "0-1"]
[WhiteElo "804"]
[BlackElo "952"]
[PlyCount "58"]
[EventDate "2004.??.??"]
[EventType "tourn (corr)"]
[EventRounds "4"]
[SourceTitle "Corr 2008"]
[Source "ChessBase"]
[SourceDate "2008.06.24"]
[SourceVersion "1"]
[SourceVersionDate "2008.06.24"]
[SourceQuality "1"]

1. c4 e5 2. Nc3 Nf6 3. e4 Nc6 4. Nf3 Bb4 5. d3 h6 6. a3 Bxc3+ 7. bxc3 d6 8. Qa4 Bd7 9. Qb5 Nd4 10. Qb2 Nxf3+ 11. gxf3 Bc6 12. Bh3 0-0 13. Be3 Nh5 14. 0-0-0 Nf4 15. Bxf4 exf4 16. d4 Qh4 17. d5 Ba4 18. Rdg1 Qxh3 19. Qxb7 Qxf3 20. Qb4 Bd7 21. c5 Qxf2 22. Rf1 Qe3+ 23. Kd1 Bg4+ 24. Kc2 dxc5 25. Qb7 Qxe4+ 26. Kb2 c4 27. Qxc7 Rab8+ 28. Kc1 Qb1+ 29. Kd2 Rb2# 0-1

[Event "IECC CL8-2004.11 email"]
[Site "IECC email"]
[Date "2004.08.22"]
[Round "?"]
[White "Smeulders, Thomas"]
[Black "Mitchell, TT."]
[Result "0-1"]
[WhiteElo "836"]
[BlackElo "886"]
[PlyCount "104"]
[EventDate "2004.??.??"]
[EventType "tourn (corr)"]
[EventRounds "4"]
[SourceTitle "Corr 2008"]
[Source "ChessBase"]
[SourceDate "2008.06.24"]
[SourceVersion "1"]
[SourceVersionDate "2008.06.24"]
[SourceQuality "1"]

1. e4 b6 2. d4 Bb7 3. e5 e6 4. c3 g6 5. Nf3 h6 6. h4 Ne7 7. g3 Bg7 8. Bg2 0-0 9. 0-0 f6 10. Nh2 Bxg2 11. Kxg2 Qc8 12. Qf3 c6 13. Ng4 f5 14. Nxh6+ Bxh6 15. Bxh6 Rf7 16. Nd2 Rh7 17. Bg5 Nd5 18. g4 Rf7 19. Nc4 Qf8 20. Nd6 fxg4 21. Qxg4 Rh7 22. Rfe1 Na6 23. Rac1 Ne7 24. Re3 Nc7 25. Rf3 Nf5 26. Nxf5 gxf5 27. Qf4 Nd5 28. Qd2 b5 29. b4 Qf7 30. Rg3 Qh5 31. c4 f4 32. Bxf4+ Rg7 33. cxd5 Rxg3+ 34. Bxg3 Qg6 35. d6 Rf8 36. Rh1 Qe4+ 37. Kg1 Qb1+ 38. Kh2 Qg6 39. Re1 Rf3 40. Qe2 Rf5 41. Qd3 Rxf2+ 42. Bxf2 Qxd3 43. Rg1+ Kf7 44. h5 Qf5 45. Be3 Qxh5+ 46. Kg3 Qg6+ 47. Kh4 Qe4+ 48. Kg5 Qxe3+ 49. Kg4 Qxg1+ 50. Kf3 Qxd4 51. a3 Qc3+ 52. Ke4 Qxa3 0-1

[Event "IECC CL8-2004.03 email"]
[Site "IECC email"]
[Date "2004.03.02"]
[Round "?"]
[White "Smeulders, Thomas"]
[Black "Ballueder, Volker"]
[Result "0-1"]
[WhiteElo "845"]
[BlackElo "956"]
[PlyCount "98"]
[EventDate "2004.??.??"]
[EventType "tourn (corr)"]
[EventRounds "4"]
[SourceTitle "Corr 2008"]
[Source "ChessBase"]
[SourceDate "2008.06.24"]
[SourceVersion "1"]
[SourceVersionDate "2008.06.24"]
[SourceQuality "1"]

1. e4 e5 2. Nf3 Nc6 3. Bc4 Bc5 4. c3 h6 5. a3 Nf6 6. d3 0-0 7. b4 Bb6 8. a4 a6 9. Ba3 d6 10. a5 Ba7 11. d4 Ng4 12. d5 Ne7 13. h3 Nxf2 14. Qe2 Nxh1 15. Qc2 Ng3 16. Nbd2 b6 17. Bd3 b5 18. c4 Bd7 19. c5 Be8 20. c6 Ng6 21. 0-0-0 Nf4 22. Nf1 Nxd3+ 23. Qxd3 Nh5 24. g4 Nf4 25. Qd2 f6 26. Qh2 Qe7 27. Kb1 Bg6 28. Ng3 Rab8 29. Bc1 Bh7 30. Nh5 Bxe4+ 31. Ka1 Bxf3 32. Rf1 Be2 33. Re1 Bd4+ 34. Bb2 Bxb2+ 35. Kxb2 Nd3+ 36. Kc3 Nxe1 37. Qxe2 g6 38. Ng3 f5 39. Qxe1 fxg4 40. hxg4 Rf3+ 41. Kd2 Qg5+ 42. Ke2 Qe3+ 43. Kd1 Qd3+ 44. Kc1 Qc4+ 45. Kd2 Rd3+ 46. Ke2 Rxg3+ 47. Kd1 Qxg4+ 48. Kd2 Rg2+ 49. Kd3 Qd4# 0-1

[Event "IECC CL8-2004.02 email"]
[Site "IECC email"]
[Date "2004.02.03"]
[Round "?"]
[White "Smeulders, Thomas"]
[Black "Scott, David C"]
[Result "1-0"]
[WhiteElo "827"]
[BlackElo "888"]
[PlyCount "31"]
[EventDate "2004.??.??"]
[EventType "tourn (corr)"]
[EventRounds "4"]
[SourceTitle "Corr 2008"]
[Source "ChessBase"]
[SourceDate "2008.06.24"]
[SourceVersion "1"]
[SourceVersionDate "2008.06.24"]
[SourceQuality "1"]

1. e4 e6 2. e5 d6 3. Nf3 Nc6 4. d4 dxe5 5. Nxe5 Nf6 6. c3 Bd7 7. f4 Bd6 8. Qe2 0-0 9. g3 Re8 10. Nd2 h6 11. Rg1 a6 12. Ndc4 b5 13. Na3 Rb8 14. Bg2 b4 15. Bxc6 Bxc6 16. Nxc6 1-0

[Event "IECC CL8-2003.17 email"]
[Site "IECC email"]
[Date "2003.08.14"]
[Round "?"]
[White "Nicolaescu, Nicolae"]
[Black "Smeulders, Thomas"]
[Result "1-0"]
[WhiteElo "1052"]
[BlackElo "835"]
[PlyCount "55"]
[EventDate "2003.??.??"]
[EventType "tourn (corr)"]
[EventRounds "4"]
[SourceTitle "Corr 2008"]
[Source "ChessBase"]
[SourceDate "2008.06.24"]
[SourceVersion "1"]
[SourceVersionDate "2008.06.24"]
[SourceQuality "1"]

1. e4 e5 2. Nf3 Bd6 3. d4 Nc6 4. d5 Nb4 5. a3 Na6 6. b4 Nxb4 7. axb4 Bxb4+ 8. Nbd2 d6 9. Bb2 Bd7 10. c3 Bc5 11. Nb3 Nf6 12. Nxc5 dxc5 13. Qc2 Qe7 14. c4 b6 15. Nxe5 a5 16. Bd3 Nh5 17. Nxd7 Qxd7 18. 0-0 0-0 19. e5 Rae8 20. Bxh7+ Kh8 21. Bf5 Qe7 22. Ra3 Nf4 23. Qe4 Nh5 24. Rh3 g6 25. Bxg6 fxg6 26. Qxg6 Qg7 27. e6 Rg8 28. Rxh5# 1-0

[Event "IECC CL8-2003.13 email"]
[Site "IECC email"]
[Date "2003.06.11"]
[Round "?"]
[White "Smeulders, Thomas"]
[Black "Johnson, Aaron"]
[Result "1-0"]
[WhiteElo "835"]
[BlackElo "922"]
[PlyCount "61"]
[EventDate "2003.??.??"]
[EventType "tourn (corr)"]
[EventRounds "4"]
[SourceTitle "Corr 2008"]
[Source "ChessBase"]
[SourceDate "2008.06.24"]
[SourceVersion "1"]
[SourceVersionDate "2008.06.24"]
[SourceQuality "1"]

1. d4 d5 2. b3 e5 3. dxe5 Nc6 4. Nf3 Bg4 5. Bg5 f6 6. exf6 gxf6 7. Bh4 Bd6 8. Bg3 Qe7 9. Qxd5 0-0-0 10. e4 Nb4 11. Qc4 Be6 12. Qc3 Nh6 13. a3 Be5 14. Qxb4 Qxb4+ 15. axb4 Bxa1 16. Bh4 Rhe8 17. Be2 Bg4 18. 0-0 Rxe4 19. Bc4 Nf5 20. h3 Bxh3 21. gxh3 Nxh4 22. Nfd2 Rg8+ 23. Bxg8 Re8 24. Bxh7 Re7 25. Be4 Rg7+ 26. Kh1 f5 27. Bd5 Be5 28. Re1 Re7 29. Na3 c6 30. Nac4 Bc3 31. Rxe7 1-0